000 00515nam a2200169Ia 4500
008 090711s9999 xx 000 0 und d
082 _b65193
100 _aगोखले म. वि.
245 _aसाहित्यरंग
260 _bश्रध्दा प्रकाशन
_c1990
300 _a199
600 _aगोखले म. वि.
630 _aसाहित्यरंग
700 _aगोखले म. वि.
730 _aसाहित्यरंग
942 _cBOOK
999 _c329453
_d329453